000
00442nam a2200157Ia 4500
008
100122s9999 xx 000 0 und d
082
_b
67905
_a
823
100
_a
जोगळेकर योगिनी
245
_a
धागे दोरे
250
_a
2
260
_b
मनोरमा प्रकाशन
_c
2005
300
_a
205
630
_a
धागे दोरे
730
_a
धागे दोरे
942
_c
BOOK
999
_c
439735
_d
439732